[Event "JT Mangini Mem"]
[Site "Rio de Janeiro BRA"]
[Date "2011.04.07"]
[Round "8.2"]
[White "Teixeira,Ri"]
[Black "Barbosa,Ev"]
[Result "0-1"]
[WhiteElo "2311"]
[BlackElo "2319"]

1.e4 c5 2.c3 Nf6 3.e5 Nd5 4.Nf3 e6 5.g3 d6 6.exd6 Bxd6 7.Bg2 Nc6 8.O-O O-O
9.d4 cxd4 10.Nxd4 Nxd4 11.Qxd4 Qc7 12.Nd2 Bd7 13.Ne4 Be5 14.Qc5  0-1

[Event "11th European Senior"]
[Site "Courmayeur ITA"]
[Date "2011.04.08"]
[Round "3.38"]
[White "Sevenyuk,A"]
[Black "Gonzalo Gonzalez,F"]
[Result "1-0"]
[WhiteElo "1932"]
[BlackElo "1740"]

1.e4 c5 2.c3 Nf6 3.e5 Nd5 4.d4 cxd4 5.cxd4 Qa5+ 6.Qd2 Qb6 7.Nc3 Nc7 8.Nf3 g6
9.Bc4 e6 10.O-O Nc6 11.Ne4 Qb4 12.Nf6+ Kd8 13.Qd3 h6 14.a3 Qe7 15.b4 Bg7
16.Ne4 a6 17.Bb2 b5 18.Bb3 Bb7 19.Nc5 Rb8 20.Rad1 g5 21.d5 exd5 22.Bxd5 Nxb4
23.Nxb7+ Rxb7 24.axb4 Rb6 25.Be4 g4 26.Nd4 Kc8 27.Nf5 Qf8 28.Nxg7 Qxg7 29.Qxd7+ Kb8
30.Rc1 Ne6 31.Rc6 Rb7 32.Qd6+ Rc7 33.Rxc7 Nxc7  1-0

[Event "FSGM April"]
[Site "Budapest HUN"]
[Date "2011.04.09"]
[Round "8"]
[White "Vajda,Le"]
[Black "Antipov,M2"]
[Result "1/2-1/2"]
[WhiteElo "2508"]
[BlackElo "2379"]

1.e4 c5 2.c3 Nf6 3.e5 Nd5 4.d4 cxd4 5.Nf3 Nc6 6.cxd4 d6 7.Bc4 Nb6 8.Bb5 dxe5
9.Nxe5 Bd7 10.Nxd7 Qxd7 11.Nc3 e6 12.O-O a6 13.Bxc6 Qxc6 14.Bf4 Nd5 15.Be5 f6
16.Rc1 Nxc3 17.Rxc3 Qd5 18.Qh5+ g6 19.Qh4 fxe5 20.Qf6 Rg8 21.Rc7 Rg7 22.Rxg7 Bxg7
23.Qxg7 O-O-O 24.dxe5 Rd7 25.Qh8+ Kc7 26.b3 Kb6 27.h4 Ka7 28.Qc8 Rf7 29.Qc3 Rf4
30.h5 Re4 31.hxg6 hxg6 32.Re1 Qc6 33.Qa1 Rg4 34.g3 Qc5 35.Re3 Rd4 36.Qf1 Qd5
37.Qg2 Rd1+ 38.Kh2 Qd2 39.a4 g5 40.Qf3 Qc2 41.Kg2 Qb1 42.Qe4 Rg1+ 43.Kh3 Qd1
44.Qf3 Qd8 45.Kg4 Qh8 46.Qe4 Qh4+ 47.Kf3 Qh5+ 48.Qg4 Qh1+ 49.Ke2 Qd5 50.Rd3 Qxe5+
51.Kf3 Qf6+ 52.Ke2 Qe5+  1/2-1/2

[Event "11th European Senior"]
[Site "Courmayeur ITA"]
[Date "2011.04.10"]
[Round "5.12"]
[White "Rosino,A"]
[Black "Chireykina,N"]
[Result "1-0"]
[WhiteElo "2233"]
[BlackElo "1831"]

1.e4 c5 2.c3 Nf6 3.e5 Nd5 4.d4 cxd4 5.Nf3 Nc6 6.Bc4 Nb6 7.Bb3 d6 8.exd6 Qxd6
9.Na3 a6 10.cxd4 Bg4 11.Bxf7+ Kxf7 12.Ng5+ Kg8 13.Qxg4 h5 14.Qe6+ Qxe6+ 15.Nxe6 Kf7
16.Ng5+ Kg6 17.Nf3 e6 18.Nc2 Nd5 19.O-O Bd6 20.Re1 Rhe8 21.Ne3 Ndb4 22.a3 Nd3
23.Rd1 Nf4 24.Nc4 Ne2+ 25.Kf1 Nxc1 26.Nxd6 Nb3 27.Nxe8 Nxa1 28.Nc7 Rc8 29.Nxe6 Nb3
30.d5 Nd8 31.Nf4+ Kh6 32.h4 Rc4 33.g3 Nc5 34.Nd4 Ne4 35.Nf5+ Kh7 36.Ne3 Rc7
37.Nxh5 Nd6 38.Nf4 N8f7 39.Ne6 Rc8 40.Rd4 Ne5 41.Kg2 g6 42.Ng5+ Kg7 43.Ne4 Nef7
44.Nxd6 Nxd6 45.Rd2 Re8 46.Rd3 Re7 47.f3 Kf6 48.Kf2 Rc7 49.Ng4+ Kf7 50.Rc3 Re7
51.Ne3 Kf6 52.Nc4 Nb5 53.Re3 Rc7 54.Re6+ Kf7 55.Ne5+  1-0

[Event "2nd Metro Qualifier"]
[Site "Los Angeles USA"]
[Date "2011.04.10"]
[Round "4"]
[White "Stevens,L"]
[Black "Lawrence,Dan"]
[Result "1-0"]
[WhiteElo "2068"]
[BlackElo "2074"]

1.e4 c5 2.c3 Nf6 3.e5 Nd5 4.d4 cxd4 5.Nf3 e6 6.cxd4 d6 7.a3 Be7 8.Bd3 O-O
9.O-O b6 10.Qe2 Bb7 11.Qe4 g6 12.Bh6 Re8 13.Nbd2 dxe5 14.dxe5 Nd7 15.Qe2 Rc8
16.Rac1 Rxc1 17.Rxc1 Qb8 18.h4 Rc8 19.Re1 Nc5 20.Bc4 a5 21.h5 Qa8 22.Nf1 Nc7
23.N1h2 Bc6 24.hxg6 hxg6 25.Bg5 Bf8 26.Bf6 Ne4 27.Ng4 Ne8 28.Bd3 N8xf6 29.exf6 Nc5
30.Bb1 Bxf3 31.gxf3 a4 32.Qe3 Rc7 33.Kg2 Qd8 34.Rh1 Rd7 35.Be4 Rd6 36.Qg5 Rd1
37.Nh6+ Kh7 38.Nxf7+ Rxh1 39.Qxg6+  1-0

[Event "FSFMA April"]
[Site "Budapest HUN"]
[Date "2011.04.11"]
[Round "10"]
[White "Tran,Minh Thang"]
[Black "Darazs,Z"]
[Result "1/2-1/2"]
[WhiteElo "2077"]
[BlackElo "2218"]

1.e4 c5 2.c3 Nf6 3.d3 Nc6 4.Be2 e6 5.Nf3 d6 6.O-O Be7 7.Nbd2 O-O 8.Re1 Re8
9.Bf1 Bf8 10.d4 cxd4 11.cxd4 e5 12.dxe5 dxe5 13.Bc4 h6 14.Qe2 a6  1/2-1/2

[Event "11th European Senior"]
[Site "Courmayeur ITA"]
[Date "2011.04.11"]
[Round "6.2"]
[White "Werner,Cle"]
[Black "Suba,M"]
[Result "0-1"]
[WhiteElo "2353"]
[BlackElo "2465"]

1.e4 c5 2.c3 Nf6 3.e5 Nd5 4.Nf3 Nc6 5.d4 cxd4 6.Bc4 Nb6 7.Bb3 d5 8.cxd4 Bg4
9.Be3 e6 10.Nbd2 Bb4 11.O-O O-O 12.h3 Bh5 13.a3 Bxd2 14.Qxd2 Nc4 15.Qe2 Rc8
16.Rad1 Bg6 17.Ba2 b5 18.Ne1 b4 19.Bxc4 dxc4 20.Qxc4 bxa3 21.bxa3 Nxe5 22.Qa4 Nc4
23.Bc1 Qd5 24.Qxa7 Rfd8 25.Qe7 h6 26.Nd3 Bxd3 27.Rxd3 Ne5 28.Rg3 Ng6 29.Qa7 Rc2
30.Qa4 Rdc8 31.Be3 Nh4 32.Rg4 Nf5 33.Re1 Ra2 34.Rf4 Ra8 35.Qb4 R8xa3 36.Qb8+ Kh7
37.Rg4 Qa5 38.Rc1 Ra1 39.Kh2 Nxe3 40.Rxg7+ Kxg7  0-1

[Event "11th European Senior"]
[Site "Courmayeur ITA"]
[Date "2011.04.11"]
[Round "6.3"]
[White "Okhotnik,V"]
[Black "Strutinskaya,G"]
[Result "1-0"]
[WhiteElo "2458"]
[BlackElo "2269"]

1.e4 c5 2.c3 Nf6 3.e5 Nd5 4.Nf3 Nc6 5.d4 cxd4 6.cxd4 d6 7.Bc4 Nb6 8.Bb5 dxe5
9.Nxe5 Bd7 10.Nxd7 Qxd7 11.Nc3 e6 12.O-O Rd8 13.Qg4 Nd5 14.Bg5 h5 15.Qh3 Be7
16.Bxe7 Qxe7 17.Rfe1 Kf8 18.Nxd5 Rxd5 19.Bxc6 bxc6 20.Rac1 Qb4 21.Qc3 Qxc3
22.Rxc3 Rxd4 23.Rxc6 Ke7 24.Ra6 Rd7 25.h4 Rc8 26.b3 Rc2 27.Re3 Kd8 28.Rf3 g6
29.Rf4 Kc8 30.Kh2 e5 31.Rff6 e4 32.Rfc6+ Rxc6 33.Rxc6+ Kb7 34.Rf6 Re7 35.Kg1 Kc7
36.Kf1 Kd7 37.Ke2 Ke8 38.Ra6 Kf8 39.Ke3 Kg7 40.b4 f5 41.b5 Kh6 42.a4 Rd7
43.g3 Rd3+ 44.Ke2 Rd7 45.f3 Re7 46.fxe4 Rxe4+ 47.Kd3 Rg4 48.Rxa7 Rxg3+ 49.Ke2 Rb3
50.Ra6 f4 51.b6 g5 52.a5 gxh4 53.b7+ Kg5 54.Rb6  1-0

[Event "11th European Senior"]
[Site "Courmayeur ITA"]
[Date "2011.04.13"]
[Round "8.4"]
[White "Okhotnik,V"]
[Black "Rooze,J"]
[Result "1-0"]
[WhiteElo "2458"]
[BlackElo "2315"]

1.e4 c5 2.c3 Nf6 3.e5 Nd5 4.Nf3 e6 5.Bc4 d6 6.d4 cxd4 7.cxd4 Nc6 8.O-O Be7
9.exd6 Qxd6 10.Nc3 O-O 11.Re1 Rd8 12.Bb3 Nf6 13.Be3 b6 14.Qe2 Bb7 15.Rad1 Nb4
16.Ne5 Nbd5 17.Bc1 a6 18.Rd3 Rac8 19.Rh3 b5 20.Ne4 Rxc1 21.Nxd6 Nf4 22.Qd2 Rxe1+
23.Qxe1 Nxh3+ 24.gxh3 Rxd6 25.Qc3 Bd5 26.Bxd5 exd5 27.Qc8+ Bf8 28.Qc7  1-0

[Event "17th Schloss Open A"]
[Site "Werther GER"]
[Date "2011.04.15"]
[Round "3"]
[White "Zelbel,P"]
[Black "Meissner,F"]
[Result "1-0"]
[WhiteElo "2410"]
[BlackElo "2239"]

1.e4 c5 2.c3 Nf6 3.e5 Nd5 4.Nf3 e6 5.d4 cxd4 6.cxd4 b6 7.Bd3 Bb7 8.Nc3 Nxc3
9.bxc3 Qc7 10.O-O d6 11.Bf4 Nd7 12.Re1 Be7 13.d5 Bxd5 14.exd6 Bxd6 15.Bxd6 Qxd6
16.Be4 Nf6 17.c4 O-O 18.cxd5 exd5 19.Bc2 Rac8 20.Bb3 Rfd8 21.Qd4 a5 22.a4 Rc5
23.Rac1 Rdc8 24.Rcd1 b5 25.axb5 Rxb5 26.Qd3 Qb6 27.Nd4 Rb4 28.Nf5 Rd8 29.Bxd5 Rb2
30.Qe3 Qxe3 31.Nxe3  1-0

[Event "ch-BLR u20 Women"]
[Site "Minsk BLR"]
[Date "2011.04.16"]
[Round "3"]
[White "Kusenkova,Natal"]
[Black "Revo,T"]
[Result "1-0"]
[WhiteElo "2047"]
[BlackElo "2038"]

1.e4 c5 2.c3 Nf6 3.e5 Nd5 4.d4 cxd4 5.Nf3 Nc6 6.cxd4 d6 7.Bc4 Nb6 8.Bb5 a6
9.Bxc6+ bxc6 10.Qc2 Bb7 11.e6 f6 12.O-O g6 13.h4 Qc8 14.Re1 c5 15.Qb3 Qc6
16.dxc5 dxc5 17.Nc3 Rd8 18.Bf4 Bg7 19.Rad1 O-O 20.Qc2 Rd4 21.Bg3 g5 22.Re2 g4
23.Ne1 f5 24.Be5 Rxd1 25.Qxd1 Bxe5 26.Rxe5 Nc4 27.Rxf5 h5 28.Rg5+  1-0

[Event "Norsk Open A"]
[Site "Fagernes NOR"]
[Date "2011.04.17"]
[Round "2"]
[White "Haugsrud,H"]
[Black "Kyrkjebo,Erlend"]
[Result "1/2-1/2"]
[WhiteElo "2050"]
[BlackElo "1963"]

1.e4 c5 2.c3 Nf6 3.e5 Nd5 4.d4 cxd4 5.Nf3 Nc6 6.cxd4 d6 7.Bc4 Nb6 8.Bb5 a6
9.Bxc6+ bxc6 10.Bg5 Bg4 11.Nbd2 Qc7 12.O-O e6 13.Rc1 Rc8 14.h3 Bh5 15.Qe2 dxe5
16.dxe5 Bb4 17.a3 Bxd2 18.Bxd2 O-O 19.g4 Bg6 20.Bb4 Rfd8 21.Bd6 Qb7 22.b4 h6
23.Nd4 Na4 24.Rc4 Nb6 25.Rc5 Nd7 26.Ra5 Qb6 27.Rd1 c5 28.Rxa6 Qb7 29.bxc5 Nxc5
30.Ra5 Ne4 31.Bb4 Nc3 32.Bxc3 Rxc3 33.Kh2 Qe7 34.Nb5 Rxd1 35.Nxc3 Rd3 36.Ne4 Rxa3
37.Rxa3 Qxa3  1/2-1/2

[Event "Norsk Open A"]
[Site "Fagernes NOR"]
[Date "2011.04.17"]
[Round "9"]
[White "Haugsrud,H"]
[Black "Barane,S"]
[Result "1/2-1/2"]
[WhiteElo "2050"]
[BlackElo "1823"]

1.e4 c5 2.c3 Nf6 3.e5 Nd5 4.d4 cxd4 5.Nf3 Nc6 6.cxd4 d6 7.exd6 Qxd6 8.Be2 g6
9.O-O Bg7 10.Nc3 O-O 11.a3 Nxc3 12.bxc3 Bf5 13.Be3 Rfd8 14.Qb3 b6 15.Rfd1 Na5
16.Qa4 Rac8 17.Rac1 Qd7 18.Qb4 Qd6 19.Ba6 Qxb4 20.axb4 Nb3 21.Bxc8 Rxc8 22.c4 Nxc1
23.Rxc1 Be4 24.Nd2 Bb7 25.Nb3 e6 26.f3 h5 27.c5 Bd5 28.Nd2 e5 29.dxe5 Bxe5
30.Nc4 Bxc4 31.Rxc4 bxc5 32.Rxc5 Rxc5 33.Bxc5 a6 34.g4  1/2-1/2

[Event "ch-BLR u20 Women"]
[Site "Minsk BLR"]
[Date "2011.04.17"]
[Round "4"]
[White "Kusenkova,Natal"]
[Black "Bogdan,Ek"]
[Result "1/2-1/2"]
[WhiteElo "2047"]
[BlackElo "2030"]

1.e4 c5 2.c3 Nf6 3.e5 Nd5 4.d4 cxd4 5.Nf3 e6 6.cxd4 b6 7.Nc3 Nxc3 8.bxc3 Qc7
9.Bb2 Bb7 10.Bd3 d6 11.O-O Nd7 12.exd6 Bxd6 13.h3 O-O 14.c4 Rfd8 15.Qe2 Nf6
16.d5 exd5 17.Bxf6 gxf6 18.cxd5 Re8 19.Qd1 Bf4 20.Qb3 Qd6 21.Rad1 Kh8 22.Bb1 Rg8
23.Nh4 Rg5 24.Qd3 Rh5 25.Nf5 Qd7 26.Qf3 Rxf5 27.Bxf5 Qxf5 28.Rd4 Rg8 29.Rxf4 Qxd5
30.Qxd5 Bxd5 31.f3 Rc8 32.a4 Kg7 33.Rd4 Be6 34.Rfd1 Rc5 35.R1d3 Kg6 36.Kf2 Bf5
37.Rd2 Be6 38.g4 f5 39.Kg3 fxg4 40.hxg4 h5 41.R2d3 hxg4 42.fxg4 Ra5 43.Kf4 Rc5
44.Re3 Rg5 45.Kf3 Rc5 46.Kf4 Rg5 47.Kf3  1/2-1/2

[Event "17th Schloss Open A"]
[Site "Werther GER"]
[Date "2011.04.17"]
[Round "7"]
[White "Michalczak,T"]
[Black "Meissner,F"]
[Result "1-0"]
[WhiteElo "2332"]
[BlackElo "2239"]

1.e4 c5 2.c3 Nf6 3.e5 Nd5 4.Nf3 Nc6 5.Bc4 Nb6 6.Bb3 c4 7.Bc2 Qc7 8.O-O g6
9.Re1 Bg7 10.Qe2 Nd8 11.a4 a5 12.Na3 Ne6 13.Nb5 Qb8 14.b3 cxb3 15.Bxb3 O-O
16.Ba3 Re8 17.d4 Nc7 18.Ng5 Ne6 19.Ne4 Ra6 20.Qe3 h6 21.f4 Nc7 22.Qg3 Nbd5
23.Rad1 Rb6 24.Bc5 Rxb5 25.axb5 b6 26.Ba3 Bb7 27.c4 Nb4 28.d5  1-0

[Event "60th ch-BUL w Final"]
[Site "Bankya BUL"]
[Date "2011.04.19"]
[Round "9.4"]
[White "Nikolova,A"]
[Black "Ivanova,Si"]
[Result "1-0"]
[WhiteElo "2311"]
[BlackElo "1871"]

1.e4 c5 2.c3 Nf6 3.e5 Nd5 4.d4 cxd4 5.cxd4 g6 6.Nf3 Bg7 7.Qb3 Nc7 8.Be2 O-O
9.O-O Nc6 10.Nc3 d6 11.Rd1 b6 12.Bf4 Bb7 13.exd6 exd6 14.Qa3 d5 15.Bb5 Nxb5
16.Nxb5 a6 17.Nd6 Qd7 18.Qb3 b5 19.Nxb7 Qxb7 20.Qxd5 Rad8 21.Qe4 Rfe8 22.Ne5 Na5
23.Qxb7 Nxb7 24.Rac1 Rc8 25.Nc6 Bf8 26.Kf1 Nd6 27.b3 Kg7 28.g3 Nf5 29.g4 Bd6
30.Bxd6 Nxd6 31.f3 f5 32.h3 fxg4 33.hxg4 Nf7 34.Kf2 Ng5 35.d5 Red8 36.Nxd8 Rxd8
37.Rc7+ Kf8 38.d6 Nf7 39.d7 Ke7 40.f4  1-0

[Event "9th V Nabokov GM"]
[Site "Kyiv UKR"]
[Date "2011.04.19"]
[Round "2.1"]
[White "Kislinsky,A"]
[Black "Pavlov,S2"]
[Result "0-1"]
[WhiteElo "2504"]
[BlackElo "2526"]

1.e4 c5 2.c3 Nf6 3.e5 Nd5 4.Bc4 Nb6 5.Bb3 Nc6 6.d4 cxd4 7.Nf3 d5 8.exd6 Qxd6
9.O-O Be6 10.Bxe6 Qxe6 11.Nxd4 Nxd4 12.Qxd4 Qe2 13.a4 Rd8 14.Qe3 Qxe3 15.Bxe3 e6
16.Bxb6 axb6 17.b4 Bd6 18.Na3 Ke7 19.Nb5 Rc8 20.Rfe1 Rhd8 21.Kf1 h5 22.Re4 g6
23.Rae1 Bb8 24.g3 e5 25.Ke2 f5 26.Re3 h4 27.g4 Kf6 28.gxf5 gxf5 29.Na3 e4
30.Rh3 Bf4 31.Rxh4 Rxc3 32.Nb1 Rf3 33.Rh7 Rc8 34.Rd1 Rc2+ 35.Nd2 Rd3 36.Rxb7 Rdxd2+
37.Rxd2 Rxd2+ 38.Kf1 Rd6 39.h4 Bd2 40.b5 Ke5 41.h5 Rh6  0-1

[Event "Joao Braga Open"]
[Site "Sao Paolo BRA"]
[Date "2011.04.20"]
[Round "1.15"]
[White "Tashima,V"]
[Black "Choma,E"]
[Result "0-1"]
[WhiteElo "1870"]
[BlackElo "2348"]

1.e4 c5 2.c3 Nf6 3.e5 Nd5 4.g3 d6 5.exd6 Qxd6 6.Bg2 Nc6 7.Ne2 Bg4 8.O-O e6
9.Na3 Qd7 10.h3 Bh5 11.Re1 Be7 12.Nc2 O-O 13.d4 Rfd8 14.g4 Bg6 15.Ne3 Nb6
16.dxc5 Bxc5 17.Qxd7 Rxd7 18.Nf4 Ne5 19.b3 Rad8 20.Nf1 Nd3 21.Nxd3 Bxd3 22.Be3 Ba3
23.Rad1 Bb2 24.Bxb6 axb6 25.c4 b5 26.cxb5 Bxb5 27.Rxd7 Rxd7 28.Ne3 Rc7 29.Rd1 Kf8
30.Bf3 Ke7 31.a4 Be8 32.Rd3 Ba3 33.Kg2 Bb4 34.Be4 h6 35.f4 b5 36.f5 bxa4
37.bxa4 Ra7 38.fxe6 fxe6 39.Kf3 Bxa4 40.Ng2 Bc2 41.Rd4 Bc5 42.Rc4 Bd1+ 43.Kg3 Ra3+
44.Kh4 Kf6 45.Nf4 g5+  0-1

[Event "Branko Vukmanovic Mem Open"]
[Site "Tivat MNE"]
[Date "2011.04.20"]
[Round "5.11"]
[White "Mestrovic,Z"]
[Black "Stanojevic,B"]
[Result "1-0"]
[WhiteElo "2393"]
[BlackElo "2279"]

1.e4 c5 2.c3 Nf6 3.e5 Nd5 4.d4 cxd4 5.Nf3 e6 6.Bc4 d6 7.O-O Nb6 8.Bb3 Bd7
9.a4 Nc6 10.Bg5 Be7 11.Bxe7 Qxe7 12.exd6 Qxd6 13.a5 Nd5 14.Nxd4 Nce7 15.Nd2 O-O
16.Ne4 Qc7 17.Qf3 e5 18.c4 Nf4 19.Nb5 Bxb5 20.cxb5 Nf5 21.Rfc1 Qe7 22.Bc4 Nh4
23.Qa3 Qxa3 24.Rxa3 Nhxg2 25.Nd6 Rad8 26.Nxb7 Rd2 27.b6 Rxb2 28.Nd6 axb6
29.a6 Nh4 30.Bf1 e4 31.Nxe4 f5 32.Bc4+ Kh8 33.Nd6 g5 34.Rca1 g4 35.R3a2 Nf3+
36.Kh1 Rb4 37.Bf1 Rd4 38.Nb5 Rdd8 39.a7 Ra8 40.Nc7 Rf6 41.Bg2  1-0

[Event "34th Open"]
[Site "Donostia ESP"]
[Date "2011.04.21"]
[Round "7"]
[White "Etchegaray,P"]
[Black "Colovic,A"]
[Result "1/2-1/2"]
[WhiteElo "2394"]
[BlackElo "2452"]

1.e4 c5 2.c3 Nf6 3.e5 Nd5 4.d4 cxd4 5.Nf3 e6 6.cxd4 d6 7.Bc4 Nb6 8.Bb3 dxe5
9.Nxe5 Nc6 10.Nf3 Be7 11.Nc3 Bf6 12.Be3 Na5 13.Bc2 Nac4 14.Bc1 Bd7 15.O-O Bc6
16.Ne4 Rc8 17.Re1 Bxe4 18.Bxe4 Nd6 19.Bd3 Nd5 20.Ne5 O-O 21.a3 g6  1/2-1/2

[Event "Joao Braga Open"]
[Site "Sao Paolo BRA"]
[Date "2011.04.21"]
[Round "3.10"]
[White "Madeira,W"]
[Black "Shumyatsky,V"]
[Result "0-1"]
[WhiteElo "2212"]
[BlackElo "2382"]

1.e4 c5 2.c3 Nf6 3.e5 Nd5 4.d4 cxd4 5.Nf3 Nc6 6.Bc4 Nb6 7.Bb3 d5 8.exd6 Qxd6
9.O-O Be6 10.Na3 Bxb3 11.Qxb3 Qd5 12.Nb5 Rc8 13.Nfxd4 Nxd4 14.Nxd4 e6 15.Be3 Bc5
16.Rfd1 Qxb3 17.axb3 Nd5 18.Nc2 Nxe3 19.Nxe3 Ke7 20.Kf1 Rhd8 21.Ke2 Rxd1
22.Rxd1 a5 23.Nc4 b6 24.Ne5 f6 25.Nd3 Bd6 26.f4 h6 27.h4 h5 28.Kf3 Rd8 29.Nf2 Rf8
30.g3 Bc7 31.Ne4 g6 32.Rd3 e5 33.fxe5 Bxe5 34.Rd5 Rd8 35.Rxd8 Kxd8 36.Nf2 Kd7
37.g4 hxg4+ 38.Kxg4 Ke6 39.Nd3 Kd5 40.Kf3 Bd6 41.Nf2 Bf8 42.Ng4 Be7 43.Ne3+ Kc5
44.Ng2 Bd6 45.Ne3 Bf8 46.Ng4 Bg7 47.Nf2 Kd5 48.Ng4 Kd6 49.Nf2 Kd5 50.Ng4 Kc6
51.Nf2 Bh6 52.Ng4 Bg7 53.Nf2 Bf8 54.Ke4 Be7 55.Kf4 Kd5 56.Nd3 Bf8 57.Kf3 Bh6
58.Nf2 Bc1 59.Nd3 Bd2 60.Ke2 Bh6 61.Kf3 b5 62.Nf2 Bc1 63.Nd3 Bd2 64.Ke2 Bh6
65.Kf3 a4 66.Nb4+ Kd6 67.bxa4 bxa4 68.Ke4 Kc5 69.Kd3 Bf4 70.Kc2 Bg3 71.b3 axb3+
72.Kxb3 Bxh4 73.Nd3+ Kd6 74.Kb4 Bg3 75.Kb5 Kd5 76.Nb4+ Ke4 77.c4 g5 78.Nd5 Be5  0-1

[Event "Schackstudion GM"]
[Site "Lund SWE"]
[Date "2011.04.22"]
[Round "9"]
[White "Brandenburg,D"]
[Black "Wendt,J"]
[Result "1/2-1/2"]
[WhiteElo "2527"]
[BlackElo "2371"]

1.e4 c5 2.c3 Nf6 3.e5 Nd5 4.Nf3 e6 5.Bc4 d6 6.d4 cxd4 7.cxd4 Nc6 8.O-O Be7
9.exd6 Qxd6 10.Nc3 O-O 11.Re1 a6 12.Bb3 Rd8 13.Nxd5 exd5 14.Ne5 Nxe5 15.Bf4 Be6
16.Bxe5 Qd7 17.Qf3 Rac8 18.Qg3 f6 19.Bf4 Bb4 20.Re3 Re8 21.a3 Ba5 22.h4 Bf7
23.a4 Qf5 24.Bh6 Bg6 25.Rxe8+ Rxe8 26.Be3 Bf7 27.Bh6 Bg6 28.Be3 Bf7 29.Bh6 Bg6  1/2-1/2

[Event "Philadelphia Open"]
[Site "Philadelphia USA"]
[Date "2011.04.22"]
[Round "4"]
[White "Viswanadha,Kesav"]
[Black "Weiss,Al"]
[Result "0-1"]
[WhiteElo "1873"]
[BlackElo "2183"]

1.e4 c5 2.c3 Nf6 3.e5 Nd5 4.d4 cxd4 5.Nf3 d6 6.exd6 e6 7.Nxd4 Bxd6 8.Bd3 a6
9.O-O O-O 10.Bc2 Bf4 11.Qd3 g6 12.Bd2 e5 13.Nf3 Bf5 14.Qe2 Bxc2 15.Bxf4 Nxf4
16.Qxc2 Nc6 17.Na3 Qd3 18.Rad1 Qxc2 19.Nxc2 Rad8 20.g3 Nd3 21.b3 Rd7 22.Rd2 Rc8
23.Nfe1 Rcd8 24.Nxd3 Rxd3 25.Rxd3 Rxd3 26.c4 Rd2 27.Rc1 e4 28.a3 Ne5 29.Ne3 Rxf2
30.Kxf2 Nd3+ 31.Kf1 Nxc1 32.b4 f5 33.Ke1 Kf7 34.Kd2 Nd3 35.Ng2 Ne5 36.Kc3 Nf3
37.h4 Kf6 38.a4 h6 39.a5 g5 40.hxg5+ hxg5 41.b5 Ke5 42.c5 Nd4 43.b6 Nc6  0-1

[Event "34th Open"]
[Site "Donostia ESP"]
[Date "2011.04.23"]
[Round "9"]
[White "Perez Calahorra,R"]
[Black "Colovic,A"]
[Result "1/2-1/2"]
[WhiteElo "2117"]
[BlackElo "2452"]

1.e4 c5 2.c3 Nf6 3.e5 Nd5 4.d4 cxd4 5.Nf3 e6 6.cxd4 d6 7.a3 Bd7 8.Bd3 Bc6
9.O-O Nd7 10.b4 a6 11.Re1 Rc8 12.Ng5 dxe5 13.dxe5 Be7 14.Qh5 Bxg5 15.Bxg5 Qb6
16.Nd2 Bb5 17.Rac1 Rc7 18.Be4 Nc3 19.Bf3 Bd3 20.Be3 Qb5 21.Bd4 Ne2+ 22.Bxe2 Bxe2
23.Qg5 Rxc1 24.Rxc1 O-O 25.Rc7 Qd5 26.Qe3 Bb5 27.Qe4 Qa2 28.Qe3 Nb6 29.Bxb6 Qa1+
30.Nb1 Qxb1+ 31.Rc1 Qa2  1/2-1/2

[Event "Norsk Open A"]
[Site "Fagernes NOR"]
[Date "2011.04.23"]
[Round "9"]
[White "Tiviakov,S"]
[Black "Jones,G"]
[Result "1/2-1/2"]
[WhiteElo "2624"]
[BlackElo "2578"]

1.e4 c5 2.c3 Nf6 3.e5 Nd5 4.Nf3 Nc6 5.Bc4 Nb6 6.Bb3 c4 7.Bc2 d6 8.exd6 e5
9.O-O Be6 10.Re1 Bxd6 11.d3 cxd3 12.Qxd3 h6 13.Bb3 Qe7 14.Be3 O-O 15.Bxb6 axb6
16.Nbd2 Bc7 17.Bxe6 Qxe6 18.Qc4 Rfe8 19.a4 Rad8 20.Qxe6 Rxe6 21.Nc4 e4 22.Nfd2 f5
23.Rad1 Ra8 24.Ne3 g6 25.Nd5 Bd8 26.f3 Rxa4 27.fxe4 fxe4 28.b4 e3  1/2-1/2

[Event "17th Asian Cities"]
[Site "Jakarta INA"]
[Date "2011.04.23"]
[Round "2.4"]
[White "Mahjoob,M"]
[Black "Wynn Zaw Htun"]
[Result "1-0"]
[WhiteElo "2487"]
[BlackElo "2382"]

1.e4 c5 2.c3 Nf6 3.e5 Nd5 4.d4 cxd4 5.Nf3 e6 6.cxd4 d6 7.Bc4 Be7 8.O-O Nc6
9.Qe2 O-O 10.Rd1 Na5 11.b3 Nb4 12.exd6 Qxd6 13.Nc3 b6 14.Ba3 Nxc4 15.bxc4 Bb7
16.Ne5 Qd8 17.Bb2 Re8 18.Qh5 g6 19.Qh3 f5 20.d5 exd5 21.Nxd5 Nxd5 22.Nf7 Nf4
23.Qh6 Ne2+ 24.Kf1 Bf8 25.Rxd8 Raxd8 26.Qh4 Rd2 27.Qf6 Rxb2 28.Ng5 Re7 29.Qxb2 Nf4
30.Nf3 Be4 31.Rd1 Bd3+ 32.Kg1 Bxc4 33.Qb4 b5 34.Rd8 Nd5 35.Qb2 h6 36.h4 a6
37.Ne5  1-0

[Event "17th Asian Cities"]
[Site "Jakarta INA"]
[Date "2011.04.23"]
[Round "3.2"]
[White "Kazhgaleyev,M"]
[Black "Hamdani,R"]
[Result "1-0"]
[WhiteElo "2618"]
[BlackElo "2368"]

1.e4 c5 2.c3 Nf6 3.e5 Nd5 4.Nf3 Nc6 5.Bc4 Nb6 6.Bb3 d5 7.exd6 Qxd6 8.O-O Bf5
9.d4 e6 10.Na3 Be7 11.Nb5 Qd7 12.dxc5 Bxc5 13.Be3 Bxe3 14.Nd6+ Kf8 15.fxe3 Rd8
16.Nxf5 exf5 17.Ng5 Qxd1 18.Raxd1 Rxd1 19.Rxd1 Ke7 20.Nf3 Rb8 21.Ng5 h6 22.Ne6 g6
23.Nd4 Ne5 24.e4 f4 25.Ne6 f3 26.gxf3 Nxf3+ 27.Kg2 Ne5 28.Nf4 Nbd7 29.Nd5+ Kf8
30.Rf1 Kg7 31.Nc7 Nc5 32.Bd5 Rc8 33.Nb5 a5 34.Nd6 Rd8 35.Nxb7 Rxd5 36.exd5 Nxb7
37.b4 a4 38.b5 Nc5 39.Kf2 Kf6 40.Re1 Nc4 41.Kf3 Nb6 42.Re8 Nxd5 43.Rc8 Nd7
44.c4 N5b6 45.Rc6+ Kf5 46.Ke2 a3 47.Rd6 Ke5 48.c5  1-0

[Event "XXV Catalunya Open"]
[Site "Barcelona ESP"]
[Date "2011.04.24"]
[Round "9"]
[White "Ramirez Garcia,J"]
[Black "Cruz,Jon"]
[Result "0-1"]
[WhiteElo "2264"]
[BlackElo "2402"]

1.e4 c5 2.c3 Nf6 3.e5 Nd5 4.d4 cxd4 5.cxd4 e6 6.Nf3 d6 7.Bc4 Nb6 8.Bb3 dxe5
9.Nxe5 Bb4+ 10.Nc3 Nc6 11.Nf3 Na5 12.Bc2 Nd5 13.Bd2 Nc4 14.Ba4+ Kf8 15.O-O Nxb2
16.Nxd5 Bd6 17.Qb3 Nxa4 18.Bg5 Qa5 19.Ne3 Nb6 20.Bd8 Qa6 21.Ne5 Kg8 22.Rfb1 Nd7
23.N5c4 Nf8 24.h3 Ng6 25.a4 Bf8 26.Bc7 Qc6 27.Bg3 Qe4 28.Qc3 Qc6 29.Qb3 Qe4
30.Qc3 Bd7 31.f3 Qc6 32.Qb3 Bc8 33.Qb5 Be7 34.Na5 Qxb5 35.axb5 Bf6 36.Ra4 Ne7
37.Nb3 h5 38.Rba1 a6 39.Nc5 h4 40.Bf2 Rb8 41.Ng4 axb5 42.Nxf6+ gxf6 43.Rb4 Nd5
44.Rxb5 b6 45.Ra7 Kg7 46.Ne4 Rb7 47.Ra3 Rc7 48.Rb1 Bd7 49.Be1 f5 50.Nf2 Kg6
51.Nd3 f6 52.Bd2 Kf7 53.Rb2 Rhc8 54.Be1 Ne3 55.Bxh4 Nc4 56.Rab3 Nxb2 57.Rxb2 Rc3
58.Nb4 Ba4 59.Rd2 R8c4 60.Na2 Rc2  0-1

[Event "Doeberl Cup Premier"]
[Site "Canberra AUS"]
[Date "2011.04.24"]
[Round "7.3"]
[White "Smerdon,D"]
[Black "Toth,And1"]
[Result "1-0"]
[WhiteElo "2512"]
[BlackElo "2378"]

1.e4 c5 2.c3 Nf6 3.e5 Nd5 4.d4 cxd4 5.Nf3 Nc6 6.Bc4 Nb6 7.Bb3 d5 8.exd6 Qxd6
9.Na3 a6 10.O-O Bf5 11.Nxd4 Nxd4 12.cxd4 e6 13.Qf3 Qc6 14.d5 Nxd5 15.Nc4 Rd8
16.Bg5 Be7 17.Ne5 Qc7 18.Bxe7 Nxe7 19.Rfe1 O-O 20.Rac1 Qb8 21.g4 Bg6 22.h4 h5
23.gxh5 Bf5 24.Qg3 Kh7 25.Rcd1 Nc6 26.Nxc6 Qxg3+ 27.fxg3 bxc6 28.Rxd8 Rxd8
29.Rd1 Rxd1+ 30.Bxd1 a5 31.Kf2 Bb1 32.a3 f5 33.Ke3 e5 34.b4 axb4 35.axb4 f4+
36.gxf4 exf4+ 37.Kxf4 Bd3 38.Kg5 Be4 39.Bb3 Bd3 40.Bf7 Be2 41.Be8 Bb5 42.Bf7 Be2
43.Bg6+ Kg8 44.Be4 Bb5 45.h6 gxh6+ 46.Kxh6 Kf7 47.Kg5 Kg7 48.h5 Ba4 49.h6+ Kh8
50.Kf6 Bb5 51.Ke5 Kg8 52.Kd6 Kh8 53.Bxc6 Bd3 54.Ke5 Ba6 55.Be4 Bb5 56.Kd4  1-0

[Event "2nd Lille Open"]
[Site "Lille FRA"]
[Date "2011.04.26"]
[Round "2.1"]
[White "Colin,V"]
[Black "Gharamian,T"]
[Result "0-1"]
[WhiteElo "2427"]
[BlackElo "2650"]

1.e4 c5 2.c3 Nf6 3.e5 Nd5 4.d4 cxd4 5.cxd4 d6 6.Nf3 dxe5 7.Nxe5 Nc6 8.Bc4 e6
9.O-O Be7 10.Qg4 O-O 11.Rd1 Bf6 12.Qe4 Qc7 13.Bd3 g6 14.Bh6 Nxe5 15.dxe5 Qxe5
16.Nd2 Qxe4 17.Nxe4 Bxb2 18.Rab1 Bg7 19.Bxg7 Kxg7 20.Bc4 Rd8 21.Bxd5 exd5
22.Nc3 b6 23.Nxd5 Bf5 24.Rbc1 Rac8 25.Rxc8 Bxc8 26.a3 Be6 27.Ne3 Rxd1+ 28.Nxd1 Kf6
29.Kf1 Ke5 30.Ke2 Kd4 31.Kd2 Kc4  0-1

[Event "ch-RUS Rapid Women"]
[Site "Olginka RUS"]
[Date "2011.04.26"]
[Round "9"]
[White "Novikova,A"]
[Black "Bodnaruk,A"]
[Result "0-1"]
[WhiteElo "2240"]
[BlackElo "2423"]

1.e4 c5 2.c3 Nf6 3.e5 Nd5 4.d4 cxd4 5.Nf3 Nc6 6.Bc4 Nb6 7.Bb3 g6 8.cxd4 Bg7
9.O-O O-O 10.Qe2 d5 11.h3 f6 12.exf6 exf6 13.Re1 Kh8 14.Nc3 Bf5 15.Bf4 Qd7
16.Qb5 Rad8 17.Rad1 g5 18.Bg3 g4 19.hxg4 Bxg4 20.a4 Bxf3 21.gxf3 f5 22.Be5 f4
23.Kf1 Qh3+ 24.Ke2 Bxe5 25.dxe5 Nxe5 26.Kd2 Nxf3+ 27.Kc1 Nxe1 28.Rxe1 Qd7
29.Qd3 Qf5 30.Qf3 d4 31.Ne4 d3 32.Rd1 Rd4 33.Nc3 Rfd8 34.Kd2 Rb4  0-1

[Event "Thessaloniki Open A"]
[Site "Thessaloniki GRE"]
[Date "2011.04.26"]
[Round "3.4"]
[White "Kakousatze,I"]
[Black "Bagaturov,G"]
[Result "0-1"]
[WhiteElo "2023"]
[BlackElo "2450"]

1.e4 c5 2.c3 Nf6 3.e5 Nd5 4.d4 cxd4 5.cxd4 d6 6.Nf3 Nc6 7.Bc4 e6 8.O-O Be7
9.Qe2 O-O 10.Nc3 dxe5 11.dxe5 Nxc3 12.bxc3 b6 13.Qe4 Qc7 14.Bd3 g6 15.Re1 Bb7
16.Bg5 Rfd8 17.Rad1 Nd4 18.Qh4 Nxf3+ 19.gxf3 Bxg5 20.Qxg5 Bxf3 21.Rd2 Qxc3
22.Bxg6 Qxd2 23.Bxf7+ Kf8  0-1